Biggest Cities in the United States in 1790 - Statistics

General Stats
  • This quiz has been taken 19 times
  • The average score is 19 of 101
Answer Stats
Population State City % Correct
13,503 MD Baltimore
100%
18,320 MA Boston
100%
33,131 NY New York
100%
28,522 PA Philadelphia
100%
16,359 SC Charleston
86%
4,484 CT New Haven
79%
3,498 NY Albany
71%
4,090 CT Hartford
71%
3,761 VA Richmond
57%
5,189 NY Washington
57%
6,380 RI Providence
50%
3,472 NY Schenectady
43%
3,132 CT Greenwich
36%
3,929 NY Kingston
36%
6,716 RI Newport
36%
9,913 PA Northern Liberties
36%
2,995 MA Plymouth
36%
3,603 NY Warwick
36%
3,313 MA New Bedford
29%
4,720 NH Portsmouth
29%
7,921 MA Salem
29%
4,996 NY Cambridge
21%
3,030 CT Danbury
21%
5,375 CT Middletown
21%
3,225 NJ Middletown
21%
11,942 CT Norwalk
21%
5,661 PA Southwark
21%
3,290 PA Beverly
14%
4,607 NY Clinton
14%
2,994 ME Falmouth
14%
5,317 MA Gloucester
14%
3,773 PA Lancaster
14%
4,116 CT Lebanon
14%
8,318 NY Rensselaerswyck
14%
4,673 NJ Shrewsbury
14%
3,408 NY Southampton
14%
3,078 NY Amenia
7%
5,201 NJ Amwell
7%
7,333 NY Ballston
7%
3,597 NY Beekman
7%
3,894 ME Berwick
7%
4,975 MA Bridgewater
7%
3,100 MA Brookfield
7%
3,224 NY Brookhaven
7%
6,692 NY Canaan
7%
6,156 NY Canajoharie
7%
4,261 NY Caughnawaga
7%
3,230 CT Chatham
7%
3,262 NY Claverack
7%
3,027 PA Cocalico
7%
3,406 NY Coxsackie
7%
2,994 CT Derby
7%
3,051 PA Earl
7%
3,016 CT East Hartford
7%
4,009 CT Fairfield
7%
5,941 NY Fishkill
7%
5,932 NY Frederickstown
7%
4,025 RI Glocester
7%
3,460 CT Guilford
7%
3,602 NY Halfmoon
7%
4,826 NY Haverstraw
7%
4,556 NY Hillsdale
7%
3,035 NY Hoosick
7%
3,260 NY Huntington
7%
4,562 MA Ipswich
7%
4,661 NY Kinderhook
7%
3,259 ME Kittery
7%
4,594 NY Livingston
7%
3,785 NJ Lower Freehold
7%
5,661 MA Marblehead
7%
4,526 MA Middleborough
7%
4,440 NY Mohawk
7%
3,563 NY Montgomery
7%
3,972 MA Newbury
7%
4,837 MA Newburyport
7%
4,225 NY New Cornwall
7%
3,167 CT New Milford
7%
3,401 NY North East
7%
4,097 NY Oyster Bay
7%
3,404 NY Palatine
7%
4,330 NY Pawling
7%
4,710 MA Rehoboth
7%
3,662 NY Rhinebeck
7%
3,071 NY Saratoga
7%
3,233 CT Saybrook
7%
4,555 MA Sherburne
7%
3,171 RI Smithfield
7%
4,131 RI South Kingstown
7%
3,219 NY Southold
7%
6,795 NY Stephentown
7%
3,071 NY Stilwater
7%
3,241 CT Stratford
7%
3,804 MA Taunton
7%
3,442 NJ Upper Freehold
7%
3,375 CT Wallingford
7%
3,170 CT Watertown
7%
7,419 NY Watervliet
7%
3,070 ME Wells
7%
3,806 CT Wethersfield
7%
3,520 NJ Woodbridge
7%
3,828 NY South Hampstead
0%
No matching quizzes found
Score Distribution
Percent of People with Each Score
Percentile by Number Answered
Your Score History
You have not taken this quiz